00959cam a22002651a 4500001001300000003000400013005001700017008004100034010001700075035002000092040002900112050002400141070002200165072000900187100003300196245020600229260004400435300004100479440004900520504003000569500002000599650002900619650002800648999001700676gs 56000185 DLC20260227111404.0840507s1956 dcuab b s001 0 eng  ags 56000185  a(OCoLC)10698324 aDLCcLdDNALdOCoLCdDLC00aTC801b.U2 no. 13640 a407bG29W no.1364 0aP2001 aJones, Paul Hastings,d1918-10aWater resources of southwestern Louisiana /cby Paul H. Jones ... [et al.] ; prepared in cooperation with the Louisiana Dept. of Public Works and the Louisiana Geological Survey, Dept. of Conservation. aWashington, D.C. :bU.S. G.P.O.,c1956. axiii, 460 p. :bill., maps ;c24 cm. 0aGeological Survey water-supply paper ;v1364 aBibliography: p. 451-454. aIncludes index. 0aWater-supplyzLouisiana. 0aGroundwaterzLouisiana. c29073d29073